[Event "Jakarta Makita Lakoni"]
[Site "Jakarta"]
[Date "2004.02.21"]
[Round "6"]
[White "Stefanova, Antoaneta"]
[Black "Zhu, Chen"]
[Result "1/2-1/2"]
[WhiteElo "2478"]
[BlackElo "2495"]
[Annotator "Roiz,M"]
[PlyCount "184"]
[EventDate "2004.02.16"]
[EventType "tourn"]
[EventRounds "10"]
[EventCountry "INA"]
[EventCategory "10"]
[SourceTitle "CBM 100"]
[Source "ChessBase"]
[SourceDate "2004.06.01"]
[SourceVersion "1"]
[SourceVersionDate "2004.06.01"]
[SourceQuality "1"]

1. d4 d5 2. c4 e6 3. Nf3 c6 4. Qc2 Nf6 5. g3 dxc4 6. Qxc4 b5 7. Qd3 {White
forces black to waste some time for a7-a6-otherwise he couldn't play c6-c5,
since b5 pawn is under control of Qd3.On the other hand,white's queen is more
vulnerable here.} (7. Qc2 Bb7 8. Bg2 Nbd7 {is another common line.}) 7... Bb7
8. Bg2 Nbd7 9. O-O a6 10. a4 ({The drawback of Qd3 is obvious in the following
variation:} 10. Ne5 Nxe5 11. dxe5 Qxd3 12. exd3 Nd5 13. Nc3 Nxc3 14. bxc3 O-O-O
$15 {[%cal Gc6c5]}) 10... c5 {A very important freeing move.} 11. axb5 Be4 12.
Qb3 Bd5 13. Qc2 axb5 14. Rxa8 Qxa8 15. Nc3 Bc6 {That is a critical position of
variation.Probably white cannot exploit his development advantage,so black
doesn't face any difficulties.} 16. dxc5 (16. e4 $2 {(that position was arised
by another order of moves)} Nxe4 17. Ne5 Nxe5 18. Nxe4 Nd7 (18... cxd4 $5) 19.
Re1 c4 $17 {0-1 Poldauf,D-Roiz,M/EUCup 18th Chalkidiki 2002 [Ribli]}) (16. Ne1
Bxg2 17. Nxg2 Qc6 $11 (17... b4 $5 18. Nb5 Qc6 19. Qa4 cxd4 20. Bg5 Bc5 21.
Bxf6 gxf6)) 16... b4 $2 {[%mdl 8192] A typical mistake-white has a development
advantage,so black should play accurately.After the text move white could get
dangerous initiative.It's strange enough,but 16...b4 is the most popular move
in this position and white had never played 17.Nb5 here!} ({White has to show
a way to equalize after:} 16... Bxc5 $142 $1 17. Ne1 (17. Bg5 O-O 18. Bxf6 Nxf6
19. Nh4 (19. Nxb5 Bxf2+ 20. Rxf2 Bxb5 $15 21. Nd4 $140 Qa1+ 22. Rf1 $2 Qa7 $19)
19... b4 20. Nb1 Bxg2 21. Nxg2 Rc8 $15) (17. b4 Be7 (17... Bxb4 18. Nxb5 $11)
18. Qd3 Qb7 $15) 17... Bxg2 18. Nxg2 b4 19. Na4 (19. Nd1 O-O 20. Nf4 Rc8 21.
Qb3 Bf8 $15) 19... Be7 20. Bg5 O-O 21. Rc1 h6 22. Bxf6 Nxf6 23. Ne1 Nd5 24. Nf3
Qa6 $1 {/\b3, xNa4,Pe2} 25. e4 $8 Nf6 26. b3 Rd8 $2 (26... Qb7 $1 $15) 27. Ne5
$1 $11 Qb5 {1/2-1/2 Cifuentes Parada,R-Giorgadze,G/Cala Galdana 2001/CBM 84
ext/[Cifuentes] (27)}) 17. Nd1 $2 {Missing a great opportunity of seizing an
initiative.} ({after} 17. Nb5 $3 Bxb5 18. Nd4 {black is in danger,as you can
see in the following variations:} Qa6 (18... Qa5 19. c6 Nc5 (19... Nb6 20. Nxb5
Qxb5 {-18...Qa6 19.c6 Nb6 20.Nxb5}) 20. Nxb5 Qxb5 21. c7 {-18...Qa6 19.c6 Nc5
20.Nxb5}) 19. c6 Nb6 (19... Nc5 20. Nxb5 Qxb5 21. c7 Kd7 (21... Qd7 22. Bf4 Be7
(22... b3 23. Qc1 Be7 24. Rd1 Qc8 25. Bc6+ Kf8 26. Rd8+ Bxd8 27. Qxc5+ Be7 28.
Qb5 $18) 23. Rd1 Qc8 24. Bc6+ Kf8 25. Ra1 $18) (21... Qa6 22. Be3 Nfd7 23. Rc1
Be7 24. Qc4 Qc8 25. Bc6 O-O 26. Qxb4 Qxc7 27. Bxd7 Qxd7 28. Bxc5 Rc8 29. Rc3
$16) 22. Bf4 Be7 23. Rd1+ $1 (23. Qd2+ $143 Kc8 24. Ra1 Na6) 23... Kc8 24. Ra1
Na6 $8 25. e3 $18 {[%cal Gg2f1]}) 20. Nxb5 (20. c7 Bd7) 20... Qxb5 21. c7 Kd7 (
21... Qc5 22. Bc6+ Nfd7 23. Qa4 $1 Ke7 (23... Bd6 24. Qa8+ Nxa8 25. c8=Q+ Ke7
26. Qxd7+ Kf6 27. Be3 $18) 24. Be3 Qd6 25. Rd1 $18) 22. Rd1+ Bd6 (22... Nfd5
23. e4) 23. Bf4 e5 (23... Nc8 24. Bxd6 Nxd6 25. c8=Q+ Rxc8 26. Rxd6+ Kxd6 27.
Qxc8 Qxe2 28. Qb8+ Kd7 (28... Kc5 29. Qf8+ Kd4 30. Qxb4+) 29. Qb7+ Kd8 30. Qxb4
$16) (23... Ne8 24. Rc1 Ke7 25. c8=Q Nxc8 26. Qxc8 Bxf4 27. gxf4 $16) 24. Bh6
$3 gxh6 (24... Ne8 25. Be3 Nxc7 26. Bc5 Nc4 27. Qf5+ Ke7 28. Rxd6 Nxd6 29.
Qxe5+ Kd8 30. Qxd6+ Qd7 (30... Kc8 31. Bh3+ Ne6 (31... Kb7 32. Bxb4 $16) 32.
Bxe6+ fxe6 33. Qxe6+ $16) 31. Qxd7+ Kxd7 32. Bxb4 $16) 25. Qf5+ Ke7 (25... Kxc7
$2 26. Qxf6 $18) 26. Rxd6 $1 Kxd6 27. Qxf6+ Kxc7 28. Qxh8 Qxe2 29. Qf8 $36)
17... Bxc5 18. Be3 {It's clear that white wants to exchange black's active
bishop,but in my opinion better was to keep this square for Nd1.} (18. Ne1 $142
Bxg2 19. Nxg2 O-O 20. Nf4 Rc8 21. Qb3 $11) 18... Be7 $1 {It's better to keep
the bishops on the board,since white's bishop has no comfortable place.} (18...
Bxe3 $6 19. Nxe3 O-O 20. Rc1 Be4 21. Qd2 $14) 19. Ne1 $2 $146 {[%mdl 16384]
Too passively! Black gets a clear advantage due to activity of his pieces.} (
19. Bg5 Be4 20. Qc4 O-O 21. Ne3 Rc8 22. Qb3 Qa5 23. Bxf6 Bxf6 24. Nd2 Bxg2 25.
Nxg2 Qe5 $11 {was played in Malaniuk,V-Kharlov,A/Simferopol/Alushta 1992})
19... Bxg2 20. Nxg2 O-O 21. Nf4 {Quite the best-white cannot improve the
placement of Nd1 at this moment,so the second knight goes to d3.} (21. b3 {
[%cal Gd1b2,Gb2c4]} Rc8 22. Qb1 Qe4 23. Qxe4 Nxe4 $17 {[%cal Gc8c2]}) 21... Rc8
({another possibility was:} 21... Nd5 {changing white's active piece} 22. Nxd5
(22. Qd2 N7f6 $15) 22... Qxd5 $15 {and black is quite better.}) 22. Qb3 (22.
Qb1 Qe4 (22... e5 $5) 23. Qxe4 (23. Nd3 Nd5 $15) 23... Nxe4 24. f3 Nd6 $15)
22... Qc6 $1 {Black has got a full control on ''c'' file.It is not easy for
white to find any reasonable plan.} (22... e5 23. Nd3 Qd5 24. Qa4 (24. Qxd5
Nxd5 $17 {[%cal Gc8c2]}) 24... Ra8 25. Qc2 $15) 23. Nd3 Qc2 $6 {There was no
reason to hurry this that exchange,since white's queen was very passive.} ({
interesting was also:} 23... Qd5 $5 24. Qa4 $8 ({after} 24. Qxd5 $2 Nxd5 {
[%cal Gc8c2] black has a winning position from strategical point of view.})
24... Bd6 $17 {[%csl Ra4,Rd1] with a clear advantage.}) (23... Nd5 $5 24. Bd4
Qc4 25. Qxc4 Rxc4 26. e3 Rc2 $17) 24. Qxc2 Rxc2 25. Re1 {[%cal Ge3d4,Gd1e3]
White must push Rc2-otherwise black could just improve his position and win
the pawn b2.} e5 (25... Nd5 26. Ba7 Bf6 27. e4 Rd2 28. exd5 Rxd3 29. dxe6 fxe6
30. Kg2 $15) 26. f3 Nd5 (26... e4 27. fxe4 Nxe4 28. Kg2 $15 {[%cal Gg2f3]}) 27.
Ba7 b3 28. N1f2 f6 (28... N5b6 {[%cal Gb6c4]} 29. Nd1 $1 (29. Bxb6 $6 Nxb6 30.
Nxe5 Kf8 $17 {[%csl Rb2,Re2][%cal Ge7f6]}) 29... Nc4 30. Ne3 Nxe3 31. Bxe3 $15)
29. Kf1 Nc5 $6 {Black is trying to change white's excellent defender Nd3,but
that allows white to equalize immediately.} ({better was} 29... N5b6 {although
after} 30. Nd1 Nc4 31. Ne3 Nxe3+ 32. Bxe3 $15 {white has a defensible position.
}) 30. Rc1 $2 {A strange decision-It is clear that the exchange on c2 is in
black's favour,so that is just a loss of time.} ({White had an excellent
opportunity of activization:} 30. Bxc5 Bxc5 31. Nxc5 Rxc5 32. e4 $1 {[%cal
Ge1e3]} Nb6 33. Re3 Nc4 34. Rd3 $11 {[%cal Gf2d1,Gd3b3] and the draw is
unavoidable.}) 30... Ne3+ $1 {The strongest move.} ({possibly was:} 30... f5
31. Rxc2 (31. e4 Nxd3 32. Nxd3 Nb4 33. Rd1 Nxd3 34. Rxd3 Rxb2 $19) 31... bxc2
32. Nc1 Kf7 $17 {with good winning chanses.}) 31. Ke1 Nc4 {That move is not
bad,but black had a simple way of gettting strategically winning position.} ({
after} 31... Nxd3+ 32. Nxd3 Nc4 33. Rb1 (33. Rxc2 bxc2 34. e4 (34. b3 Bb4+ 35.
Kf2 Nb2 36. Nc1 Bd2 $19) 34... Nxb2 35. Nc1 Nc4 $19 {[%cal Ge7a3]}) 33... f5
$19 {[%cal Ge5e4] white is completely passive.}) 32. Rb1 Na4 (32... Nxd3+ 33.
Nxd3 f5 {was again very strongly.}) 33. Nd1 f5 34. Ne3 (34. Nc1 Bc5 $1 35. Bxc5
Nxc5 $19) 34... e4 $1 (34... Nxe3 $2 35. Bxe3 Bd6 (35... e4 36. fxe4 fxe4 37.
Nc1 $11 {[%csl Rb3][%cal Gc1b3]}) 36. Nc1 Bb4+ 37. Kf1 Bc5 38. Bxc5 Nxc5 39.
Ke1 Kf7 40. Kd1 {[%cal Gc1b3]} Rc4 41. Ra1 $11) 35. fxe4 fxe4 36. Nc1 Nxe3 $2 {
It's just unbelievable,but that natural move is a hard mistake,which misses a
win.} (36... Bb4+ 37. Kf2 (37. Kf1 Nd2+ $19) 37... Nxe3 38. Bxe3 Rxb2 39. Ra1
Nc3 40. Bd4 Rc2 41. Nxb3 (41. Ra8+ Kf7 42. Nxb3 Rxe2+ 43. Kf1 (43. Kg1 Rb2 $19)
43... Rxh2 44. Ra7+ Ke6 45. Bxg7 e3 $19) 41... Rxe2+ 42. Kg1 (42. Kf1 Rxh2 $19)
42... Rb2 43. Nc1 Rd2 44. Be3 Rc2 $19) 37. Bxe3 Bb4+ {Now that check has no
power,since white can put his king on f1.} 38. Kf1 Nxb2 39. Nxb3 $11 Nc4 40.
Bf4 e3 $2 {An inaccuracy-the pawn is weaker on this spot.} (40... Bc3 $142 $11)
(40... Be7 $11) 41. Na1 $1 {Forcing black to put his knight on d2-that will
allow white to win the pawn e3.} Nd2+ (41... Ra2 42. Rxb4 Rxa1+ 43. Kg2 Rc1 44.
Kf3 $16) 42. Kg2 Rc4 43. Rb2 Bc5 44. Nc2 Re4 45. Rb8+ Kf7 46. Rb5 {Black is
alerady unable to avoid loss of pawn.} Rc4 $6 ({better was to keep all the
minor pieces on the board:} 46... Be7 47. Bxe3 Bf6 48. Kf2 Nc4 49. Bf4 Re7 $14
{with good chanses of draw.}) 47. Nxe3 (47. Bxe3 Rxc2 48. Bxc5 Ne4 {is similar
to the text.}) 47... Bxe3 48. Bxe3 $16 Ne4 {The rook's endgames are not
dangerous for black,but the position is very hard for black due to weakness on
g7.The bishop is much stronger than the knight here.} 49. Bf4 Nf6 50. Be5 $1 {
[%csl Ge5,Rg7][%cal Ge5g7] Here the bishop puts pressure on g7.} ({It's not
easy to make progress after} 50. Kf3 h5 51. Rb7+ Kg6) 50... Ke6 51. Bb2 {
White should exchange his bishop only on f6.} Rc7 52. Rb6+ Kf5 ({more accurate
was:} 52... Kf7 53. Kf3 ({after} 53. Bxf6 gxf6 54. Kf3 Rc1 {black's practical
chanses of draw are not bad}) 53... Nd7 $16) 53. Kf3 h5 $2 {An additional
mistake,which could lead to white's win.} (53... Kg6 $142 $16 {[%cal Gg6f7]})
54. Bxf6 $1 gxf6 55. e4+ {Now black cannot avoid loss of second pawn.} Kg5 56.
h4+ Kg6 57. e5 Rc3+ (57... Rf7 58. Rxf6+ Rxf6+ 59. exf6 Kxf6 60. Kf4 $18) 58.
Kf2 Rc2+ 59. Kf3 Rc3+ 60. Kf2 Rc2+ 61. Ke1 Kf5 62. exf6 $2 ({Missing a clear
win after:} 62. Rxf6+ Kxe5 (62... Kg4 63. Rg6+ Kf3 64. Rg5 $18) 63. Rh6 Rg2 (
63... Ke4 64. Rxh5 Ke3 65. Re5+ Kf3 66. Rg5 Rc1+ 67. Kd2 Rh1 68. h5 $18) 64.
Rxh5+ Ke4 65. Rg5 Ke3 66. Kf1 Ra2 67. Kg1 $18 {and black cannot do anything to
stop white's pawns.}) 62... Kg6 {Now the point is that white cannot activate
his king without help of his rook.} 63. Kf1 Ra2 64. Kg1 Rc2 {Black is just
waiting.} 65. Rb5 {[%cal Gb5g5] Trying to win the h5 pawn.} Rc1+ 66. Kg2 Rc2+
67. Kf3 (67. Kh3 Rf2 $11) 67... Rc3+ 68. Kf4 Rc4+ 69. Ke5 Rc3 70. Rb7 ({after} 
70. Rb8 Rc5+ 71. Ke6 Rc6+ 72. Ke7 Rc7+ 73. Kd6 Rc3 74. Rf8 Kf5 $1 75. f7 Kf6 {
black's pieces are very active,so white cannot make progress.} 76. Kd5 $140
Rxg3 77. Rg8 Rd3+ 78. Ke4 Kxf7 $11) 70... Rc5+ 71. Kd4 Ra5 72. f7 ({nothing
gives:} 72. Rb6 Rf5 73. Ke4 Ra5 74. Re6 Ra3) 72... Kg7 73. Ke4 Ra4+ 74. Kf3 (
74. Kf5 Rg4 75. f8=Q+ Kxf8 76. Kf6 Kg8 $11) 74... Ra3+ 75. Kg2 Ra2+ 76. Kg1 (
76. Kh3 Ra5 $11) 76... Ra1+ 77. Kf2 Ra2+ 78. Ke3 Ra3+ 79. Kf4 Ra4+ 80. Kf5 Rg4
$11 {Now the draw is unavoidable.} 81. f8=Q+ Kxf8 82. Kf6 Kg8 83. Rb3 Kh7 84.
Rb5 Rg6+ 85. Kf7 Rg7+ 86. Kf6 Rg6+ ({only not} 86... Rxg3 $4 87. Rxh5+ Kg8 88.
Rg5+ Rxg5 89. hxg5 $18) 87. Ke7 Rg7+ 88. Ke6 Rg6+ 89. Kf5 Rxg3 90. Rb7+ Kh6 91.
Rb6+ Kg7 92. Rb7+ Kh6 {[%mdl 4096]} 1/2-1/2

[Event "Redbus KO"]
[Site "Southend"]
[Date "2000.??.??"]
[Round "1.1"]
[White "King, Daniel J"]
[Black "Adams, Michael"]
[Result "0-1"]
[WhiteElo "2514"]
[BlackElo "2715"]
[Annotator "Rowson,J"]
[PlyCount "200"]
[EventDate "2000.04.21"]
[EventType "k.o."]
[EventRounds "4"]
[EventCountry "ENG"]
[SourceTitle "CBM 076"]
[Source "ChessBase"]
[SourceDate "2000.05.31"]
[SourceVersion "1"]
[SourceVersionDate "2000.05.31"]
[SourceQuality "1"]

{[%mdl 4096]} 1. Nf3 Nf6 2. c4 e6 3. g3 d5 4. Bg2 dxc4 5. Qa4+ c6 6. Qxc4 b5 7.
Qb3 Bb7 8. O-O Nbd7 9. d4 a6 10. a4 c5 11. axb5 Bd5 12. Qc2 Be4 13. Qd1 axb5
14. Rxa8 Qxa8 15. Bg5 cxd4 16. Bxf6 Nxf6 17. Qxd4 Be7 18. Qb6 Qb7 19. Qxb7 Bxb7
20. Nd4 Bxg2 21. Kxg2 b4 22. Nd2 Kd7 23. Nc4 Rd8 24. Ra1 $16 Ke8 25. Nc6 (25.
e3 $5) 25... Rc8 26. N6e5 Bc5 27. Nd3 Be7 28. b3 (28. Nce5 $5) 28... Nd5 $1 {
[%cal Rd5c3,Rc3b5,Rb5a3]} 29. f4 Nc3 30. e3 Nb5 31. Ra6 $6 {Danny said later
that he knew he should have "bailed out" here but still felt he wanted to make
use of his(no longer existent) "advantage".  "Instead", he said, "I went
punting", and was suffering therafter.} Na3 32. Nd6+ Bxd6 33. Rxd6 Nc2 34. Kf3
Rc3 35. Ke2 Rxb3 36. Rb6 Ra3 37. Nxb4 Nxb4 38. Rxb4 Ra2+ 39. Kf3 Rxh2 40. Rb7
h5 41. Rb8+ Ke7 42. Rh8 Kf6 43. Rh7 Kg6 44. Rh8 Rh1 45. Kg2 Ra1 46. Kf3 Ra3 47.
Kf2 f6 48. Kf3 Rb3 49. Ke4 e5 50. fxe5 Rb4+ 51. Kf3 fxe5 52. Re8 Kf6 53. Rf8+
Kg5 54. Re8 e4+ 55. Rxe4 Rxe4 56. Kxe4 Kg4 57. Kd4 Kxg3 58. e4 h4 59. e5 h3 60.
e6 h2 61. e7 h1=Q 62. e8=Q Qd1+ 63. Kc3 Qf3+ 64. Kb4 g5 65. Ka5 g4 66. Qe1+ Kh3
67. Qe6 Qf4 68. Qd7 Qe5+ 69. Ka6 Kh4 70. Qh7+ Kg5 71. Qg8+ Kf4 72. Qc4+ Qe4 73.
Qc1+ Qe3 74. Qc4+ Kf3 75. Qd5+ Kf2 76. Qf5+ Qf3 77. Qc5+ Kg2 78. Qc2+ Kg1 79.
Ka5 Qd5+ 80. Ka6 Qe6+ 81. Ka7 Qf7+ 82. Kb8 Qf4+ 83. Kc8 g3 84. Qd1+ Qf1 85.
Qd4+ Kh2 86. Qe5 Qh3+ 87. Kb8 Qh6 88. Ka8 Qf8+ 89. Ka7 Kg2 90. Kb7 Qb4+ 91. Ka8
Kf3 92. Qf5+ Qf4 93. Qd3+ Qe3 94. Qf5+ Ke2 95. Qc2+ Kf1 96. Qf5+ Qf2 97. Qd3+
Kg2 98. Kb8 Qf8+ 99. Ka7 Kh2 100. Qe2+ Qf2+ 0-1

[Event "RUS-ch 68th"]
[Site "Chita"]
[Date "2015.08.14"]
[Round "6"]
[White "Vitiugov, Nikita"]
[Black "Khismatullin, Denis Rimovich"]
[Result "1-0"]
[WhiteElo "2719"]
[BlackElo "2642"]
[Annotator "Sagar Shah"]
[PlyCount "115"]
[EventDate "2015.08.09"]
[EventType "tourn"]
[EventRounds "11"]
[EventCountry "RUS"]
[EventCategory "18"]
[SourceTitle "CBM 168"]
[Source "ChessBase"]
[SourceDate "2015.09.14"]
[SourceVersion "1"]
[SourceVersionDate "2015.09.14"]
[SourceQuality "1"]

1. d4 Nf6 2. c4 e6 3. Nf3 d5 4. Bg5 {Many players are opting for Bg5 before
Nc3 so that they can develop their knight to d2.} c6 5. e3 Nbd7 6. Nbd2 h6 7.
Bh4 g5 {As is usual, Khismatullin goes for an unusual move which brings the
game outside the realms of theory. But this is quite risky as he is weakening
his kingside without White having committed any serious waste of time.} (7...
Be7 {would be the normal way to continue.}) 8. Bg3 Nh5 9. Bd3 Nxg3 10. hxg3 Bg7
11. Qc2 Qe7 12. Rc1 O-O {Thanks to the bishop on g7 Black has no worries about
castling short in spite of the h-file being open.} 13. O-O e5 {With the two
bishops, it's a normal strategy to open up the position.} 14. cxd5 cxd5 15.
dxe5 (15. e4 $5 {This confrontation of the pawns in the centre of the board is
quite confusing. However, if Black plays accurately then he can equalise
without much difficulty.} exd4 $1 (15... dxe4 16. Bxe4 exd4 17. Rfe1 Qd6 18.
Nc4 $36) 16. exd5 Nb6 17. Nb3 Nxd5 $11) 15... Nxe5 16. Nxe5 Qxe5 17. b4 (17. b3
Bg4 18. Nf3 Qb2 19. Qxb2 Bxb2 20. Rc7 {is the same as the game with the pawn
on b3 instead of b4. I think the pawn on b4 could be much more useful as White
can later expand further on the queenside with a4-b5 etc.}) 17... Bg4 18. Nf3
Qb2 19. Qxb2 Bxb2 20. Rc7 {White has a rook on c7 which is well placed and
Black has an isolated pawn. These disadvantages for Black are balanced by the
fact that he has the bishop pair. If you take into consideration the fact that
bishop pair is the only good thing that Black has in this position,
Khismatullin's next move can be roundly condemned.} Bxf3 $2 {When you give up
the best thing in your position, you can understand that you are in for a long
drawn out defensive task.} (20... b6 {I am sure that Khismatullin did not like}
21. Ba6 $14 {at this point which kept the control of the c-file.}) (20... Rab8
$1 {The idea is to challenge the rook on the c-file next.} 21. Rb1 Bf6 22. Rbc1
Rfc8 $11 {The position is completely balanced.}) 21. gxf3 $16 Rab8 22. Rb1 $6 (
22. Bf5 $1 {Keeping the c-file under control was more important.} d4 (22...
Rfd8 23. f4 Bf6 {Trying to get the bishop out of b2 before going for d5-d4.}
24. Rd1 d4 25. e4 $1 $16 {[%cal Ge4e5]}) (22... Be5 23. Rc5 Bd6 24. Rxd5 Bxb4
25. Rb1 a5 26. a3 Bxa3 27. Rxa5 Bd6 28. Rab5 $16 {b7 falls and White keeps
decent winning chances.}) 23. Rb1 Bc3 24. Kg2 {and it is not so easy for Black
to get rid of his d4-pawn.}) 22... Be5 23. Rc5 Rfd8 24. Rd1 Bf6 25. Bc2 $6 (25.
Bf5 d4 26. e4 $14) 25... d4 $1 {Black is able to get rid off the main weakness
in his position.} 26. Bb3 dxe3 27. Rxd8+ Bxd8 $6 {Why make this passive move
when taking with the rook was also possible?} (27... Rxd8 28. fxe3 Rd7 $11 {
and Black is completely fine.}) 28. fxe3 Kf8 $6 (28... Bb6 $5 29. Re5 Rc8 {
activating the rook.} 30. Re7 Rc7 $1 31. Bxf7+ Kf8 32. Rxc7 Bxc7 33. Bd5 Bxg3
34. Bxb7 $11 {This should be an easy draw.}) 29. Kg2 Ke7 30. f4 f6 31. Rc4 b5
32. Re4+ Kf8 33. Kf3 h5 34. Rd4 Ke7 $2 (34... Be7 $14 {Black is passive but
still holding on to everything.}) 35. Rd5 $1 {Now a pawn is lost.} h4 (35...
Kf8 36. Rd7 a6 37. Rf7+ Ke8 38. Ra7 $16 {[%cal Ga7a6,Gb3f7]}) 36. gxh4 gxh4 37.
Rh5 a5 38. bxa5 Bxa5 39. Rxh4 $16 {Even though thanks to the opposite coloured
bishops Black has decent drawing chances, his task is not so easy. White not
only has an extra pawn but also well co-ordinated pieces. Slowly and steadily
Vitiugov increased the pressure and won the game.} Kd6 40. Rh5 Bc3 41. Rd5+ Kc6
42. Rd1 Rh8 43. Kg4 Rh2 44. Rd8 Kc7 45. Re8 Kd6 46. Kf5 Re2 47. Kg6 Rg2+ 48.
Kf7 Rh2 49. e4 Rh7+ (49... Rf2 50. Rd8+ Kc7 51. Rd5 b4 (51... Rxf4 52. Rc5+ $18
) 52. Rf5 $14) 50. Kg6 Re7 51. Rd8+ Rd7 $6 (51... Kc7 $142 $16) 52. Rb8 $1 b4
53. e5+ $1 {A very strong breakthrough which wins for White.} fxe5 54. f5 $1
Kc7 (54... e4 55. f6 Bxf6 56. Kxf6 $18 {should be an elementary victory for
White.}) 55. Re8 $1 Rd8 56. Re7+ Rd7 57. f6 Kd8 (57... Rxe7 58. fxe7 Kd7 59.
Kf7 $18) 58. Rxd7+ {Khismatullin played the opening quite imaginatively and
equalised but his move 20...Bxf3 was a pretty bad one and gave White chances
in the game.} (58. Rxd7+ Kxd7 59. f7 Ke7 60. Kg7 $18) 1-0

[Event "Wichern op 5th"]
[Site "Hamburg"]
[Date "1999.10.17"]
[Round "4.1"]
[White "Levin, Felix"]
[Black "Novikov, Igor A"]
[Result "0-1"]
[WhiteElo "2531"]
[BlackElo "2614"]
[Annotator "Sander,R"]
[PlyCount "96"]
[EventDate "1999.10.15"]
[EventType "swiss"]
[EventRounds "9"]
[EventCountry "GER"]
[SourceTitle "EXT 2001"]
[Source "ChessBase"]
[SourceDate "2000.11.22"]
[SourceVersion "1"]
[SourceVersionDate "2000.11.22"]
[SourceQuality "1"]

1. d4 d5 2. c4 e6 3. Nf3 Nf6 4. Qc2 c5 5. dxc5 Na6 (5... Bxc5 6. cxd5 Qb6 7. e3
exd5 8. a3 O-O 9. b4 Be7 10. Bb2 Nc6 11. Be2 {0-1 Mikenas,V-Panchenko,A/USSR
1980/Inf 29 (41)}) 6. cxd5 Nxd5 7. a3 Qa5+ 8. Bd2 Qxc5 9. Nc3 Be7 10. b4 Qc7
11. Rc1 Nb6 12. Qb1 Qd8 13. e4 Bd7 14. Be2 O-O 15. O-O Rc8 16. Be3 Qe8 17. Ne5
Nb8 18. Nxd7 N8xd7 19. Qb3 Bd6 20. f4 e5 21. f5 Qe7 22. Nb5 Bb8 23. f6 {
[%mdl 64] [#]} Nxf6 24. Bc5 Rxc5 25. bxc5 Nbd7 26. Qe3 a6 27. Nd6 Ba7 28. Nf5 {
[#]} (28. Nxb7) 28... Qxc5 29. Qxc5 Bxc5+ 30. Kh1 Nxe4 31. g4 g6 32. Ng3 Nd6
33. Rfd1 Bxa3 34. Rxd6 Bxd6 35. Rd1 Nc5 36. Rxd6 Rc8 37. g5 Kg7 38. h4 h6 39.
Bg4 Rc7 40. Kg2 hxg5 41. hxg5 a5 42. Rd8 b5 43. Ra8 a4 44. Bf3 b4 45. Ne4 Nxe4
46. Bxe4 Rc4 47. Kf3 b3 48. Rb8 a3 0-1

[Event "FIN-SWE"]
[Site "Helsinki"]
[Date "1991.??.??"]
[Round "2"]
[White "Pyhala, Antti"]
[Black "Wedberg, Tom Birger"]
[Result "1-0"]
[WhiteElo "2370"]
[BlackElo "2460"]
[Annotator "Schussler,H"]
[PlyCount "79"]
[EventDate "1991.??.??"]
[EventType "team"]
[EventRounds "2"]
[EventCountry "FIN"]
[SourceTitle "CBM 026"]
[Source "ChessBase"]
[SourceDate "1992.02.01"]
[SourceVersion "1"]
[SourceVersionDate "1992.02.01"]
[SourceQuality "1"]

1. c4 c5 2. e3 e6 3. d4 d5 4. Nf3 Nf6 5. a3 a6 6. dxc5 Bxc5 7. b4 Ba7 8. Nbd2
O-O 9. Bb2 Qe7 10. Bd3 Rd8 11. Qc2 h6 12. Ne5 Nbd7 13. Ndf3 Nxe5 14. Nxe5 Bd7 (
14... dxc4 15. Qxc4 Bd7 16. Qh4) 15. c5 $1 Rac8 16. Bd4 Bb8 17. Qb2 Ba4 $1 18.
O-O Nd7 $1 19. f4 (19. Nxd7 Rxd7 20. Bxg7 e5 21. Bxh6 Qh4) 19... Bxe5 20. fxe5
Nb8 21. Qe2 Nc6 22. Rf4 Bb3 23. Raf1 Bc4 24. Bxc4 dxc4 25. Qxc4 Rd5 26. Qc3 Rc7
27. a4 Qe8 28. Rg4 $5 Rcd7 $2 (28... Re7) 29. b5 axb5 30. axb5 Ne7 31. h3 Nf5
32. Rc1 (32. c6 bxc6 33. bxc6 Rc7 34. Bb6 Rc8 35. e4) 32... Rc7 33. b6 Rc8 34.
Ra1 Qb5 (34... Ra8 35. Ra7 Rxa7 36. bxa7 Rd8 37. c6 Qxc6 $2 38. Qxc6 bxc6 39.
Bc5 {/\ Rg4-b4}) 35. Kh2 Rdxc5 36. Bxc5 Rxc5 37. Ra8+ Kh7 38. Qd2 Qxb6 39. e4
Ne7 40. Qf2 1-0